00399nam a22001337a 450000500170000000800410001702000180005804000130007608200260008910000190011524500890013426000310022330000110025420171219115514.0171219b xxu||||| |||| 00| 0 eng d a9781848310469 cPK-LaUMT aPKAC 320.97301bREI-S aReich , Robert aSupercapitalism:bthe battle for democracy in an age of big business/cRobert Reich  aLondon;bIcon books,c2007 a272 P.